000 00736nam a2200289Ia 4500
005 20260324123344.0
008 008 260324s9999 xx 000 0 eng d
020 _a9781003513186
037 _aEBOOK
040 _aCRL
040 _beng
040 _cCRL
041 _2eng
041 _aeng
084 _qCRL
100 _aValerie Sanders; Joanne Wilkes; Joanne Shattock
_91170000
245 4 _aThe Selected Works of Margaret Oliphant, Part II Volume 5
245 0 _bLiterary Criticism 1887-97
260 _bTaylor and Francis
260 _c2012
365 _a
365 _b290
856 _uhttp://www.taylorfrancis.com/books/9781003513186
942 _cEBOOK
999 _c1763447
_d1763447